Visualizzazione normale
Vista MARC
- Avallone, Emanuele
di Personal Name
Records bibliografici associati: 1
001 - CONTROL NUMBER
- control field: 55688
003 - CONTROL NUMBER IDENTIFIER
- control field: IT-RoINE
005 - DATE AND TIME OF LATEST TRANSACTION
- control field: 20181220095824.0
008 - FIXED-LENGTH DATA ELEMENTS
- fixed length control field: 181220|| aca||aabn | a|a d
040 ## - CATALOGING SOURCE
- Original cataloging agency: IT-RoINE
- Transcribing agency: IT-RoINE
100 ## - HEADING--PERSONAL NAME
- Personal name: Avallone, Emanuele
670 ## - SOURCE DATA FOUND
- Source citation: Work cat.: (IT-RoINE)0: Avallone, Emanuele, La Commissione teologica internazionale :, ©2016.